Statystyki dla Parki narodowe w Polsce

Kliknij tutaj aby rozwiązać quiz!

Ogólne statystyki

  • Ten quiz został rozwiązany 27 razy
  • Średni wynik to 15 z 23

Statystyki odpowiedzi

park narodowywojewództwo% Poprawnych
Białowieskipodlaskie
80%
Ojcowskimałopolskie
80%
Tatrzańskimałopolskie
80%
Biebrzańskipodlaskie
76%
Słowińskipomorskie
76%
Karkonoskidolnośląskie
72%
Ujście Wartylubuskie
72%
Kampinoskimazowieckie
68%
Pienińskimałopolskie
68%
Babiogórskimałopolskie
64%
Bieszczadzkipodkarpackie
64%
Bory Tucholskiepomorskie
64%
Gór Stołowychdolnośląskie
64%
Magurskipodkarpackie
64%
Poleskilubelskie
64%
Świętokrzyskiświętokrzyskie
64%
Wigierskipodlaskie
64%
Wolińskizachodniopomorskie
64%
Drawieńskilubuskie, wielkopolskie, zachodniopomorskie
60%
Gorczańskimałopolskie
60%
Narwiańskipodlaskie
60%
Roztoczańskilubelskie
60%
Wielkopolskiwielkopolskie
60%

Rozkład punktacji

Percentyl według liczby udzielonych odpowiedzi

Procent ludzi z każdym wynikiem

Twoja historia wyników

Nie rozwiązałeś tego quizu